Kiến trúc đình làng Việt Qua tư liệu Viện Bảo tồn di tích Tập 1

Làng Việt là một thiết chế cộng cư, chín muồi và bền vững. Ngôi đình là hiện thân cho sự chín muồi và bền vững ấy. Hơn thế nữa, đình còn là hiện thân cho vẻ đẹp chất phác và dung dị của nền kiến trúc gỗ cổ truyền Việt....

ver descrição completa

Na minha lista:
Detalhes bibliográficos
Autor principal: Hoàng Đạo Cương (Chủ biên)
Outros Autores: Nguyễn Hồng Kiên (Đồng Chủ biên)
Formato: Livro
Idioma:Vietnamese
Publicado em: H. Văn hóa Dân tộc 2018
Assuntos:
Tags: Adicionar Tag
Sem tags, seja o primeiro a adicionar uma tag!
Thư viện lưu trữ: Thư viện Trường Đại học Nam Cần Thơ
LEADER 01344nam a22002057a 4500
001 NCT_4_007674
008 240513b xxu||||| |||| 00| 0 vie d
999 |c 8291  |d 8291 
020 |c 320000  |a 9786047021734 
082 0 4 |2 23rd ed.  |a 726.09597  |b C561/T.1 
100 1 |a Hoàng Đạo Cương  |e Chủ biên 
245 1 0 |a Kiến trúc đình làng Việt  |b Qua tư liệu Viện Bảo tồn di tích  |n Tập 1  |c Hoàng Đạo Cương, Nguyễn Hồng Kiên (Đồng Chủ biên) 
260 |a H.  |b Văn hóa Dân tộc  |c 2018 
300 |a 216tr.  |b minh họa  |c 24 cm 
520 3 |a Làng Việt là một thiết chế cộng cư, chín muồi và bền vững. Ngôi đình là hiện thân cho sự chín muồi và bền vững ấy. Hơn thế nữa, đình còn là hiện thân cho vẻ đẹp chất phác và dung dị của nền kiến trúc gỗ cổ truyền Việt. 
653 |a Quản trị Dịch vụ Du lịch và Lữ hành 
700 1 |a Nguyễn Hồng Kiên  |e Đồng Chủ biên 
942 |2 ddc  |c BK 
952 |0 0  |1 0  |2 ddc  |4 0  |6 726_095970000000000_C561_T_1  |7 0  |9 28866  |a 000001  |b 000001  |d 2024-05-14  |o 726.09597 C561/T.1  |p MD.22413  |r 2024-05-14  |v 320000.00  |w 2024-05-14  |y BK 
980 |a Thư viện Trường Đại học Nam Cần Thơ